000 01661nam0a2200385 4500
001 RU\NLR\BIBL_A\022556154
005 20260420045302.0
010 _a978-5-91103-862-5
021 _aRU
_bКН-П-25-021627
_9КН-П-25-2189
035 _a(NLR Aleph) 022556154
090 _a13674107
_c13674107
100 _a20250602d2025 u y0rusy50 ca
101 1 _arus
_ceng
102 _aRU
105 _aa z 001yy
181 0 _ai
_baxxe
182 0 _an
200 1 _aСтоицизм
_fДжон Селларс
_gперевод с англ.: Максим Фетисов
203 _aТекст
_bвизуальный
_cнепосредственный
210 _aМосква
_cАд Маргинем Пресс, Ad Marginem (Александр Иванов, Михаил Котомин)
_d2025
215 _a255 с.
_cил.
_d23
300 _aПер. изд.: Stoicism / John Sellars. – London ; New York : Routledge, 2014
300 _aНа обороте тит. с. авт.: Джон Селларс – проф. философии Лондон. ун-та
320 _aБиблиогр.: с. 207–240
320 _aУказ. фрагментов: с. 241–244
320 _aПредм.-имен. указ.: с. 245–255
454 0 _12001#$aStoicism$fJohn Sellars
_1210##$aLondon$aNew York$cRoutledge$d2014
_1700#1$aSellars$bJ.$gJohn
_tStoicism
_aSellars, John
606 1 _aСтоицизм
_xИстория
_92334449
_3RU\NLR\AUTH\661395779
686 1 _aЮ3(0)322-231
686 1 _aЮ3(0)323-231
700 1 _aСелларс
_bД.
_gДжон
942 _cBOOK
980 _aNB